| 000 | 00359nmm a2200145 a 4500 | ||
|---|---|---|---|
| 003 | AR-BaBNM | ||
| 005 | 20251128203146.0 | ||
| 008 | 103119s1906 ||||||||||||||000 | spa|| | ||
| 040 | _cAR-BaBNM | ||
| 100 | 1 | _aGómez Langenheim, Antonio | |
| 245 | 1 | 0 | _aColonización en la República Argentina |
| 260 |
_a[S.l.] _bBiedma _c1906 |
||
| 942 | _cBK | ||
| 998 | _cGiles | ||
| 999 |
_c2171 _d2171 |
||